| 000 -LEADER |
| fixed length control field |
01105 a2200253 4500 |
| 020 ## - INTERNATIONAL STANDARD BOOK NUMBER |
| International Standard Book Number |
3540255214 |
| 024 3# - OTHER STANDARD IDENTIFIER |
| Standard number or code |
9783540255215 |
| 040 ## - CATALOGING SOURCE |
| Original cataloging agency |
DLC |
| Language of cataloging |
DLC |
| 082 ## - DEWEY DECIMAL CLASSIFICATION NUMBER |
| Classification number |
005.8 |
| 245 10 - TITLE STATEMENT |
| Title |
Security in pervasive computing: Second International Conference, SPC 2005, Boppard, Germany, April 6-8, 2005 : proceedings |
| Remainder of title |
Second International Conference, SPC 2005, Boppard, Germany, April 6-8, 2005 : proceedings |
| Statement of responsibility, etc. |
Dieter Hutter, Markus Ullmann |
| 246 3# - VARYING FORM OF TITLE |
| Title proper/short title |
Security in pervasive computing [electronic resource] |
| 246 3# - VARYING FORM OF TITLE |
| Title proper/short title |
SPC 2005. |
| 260 ## - PUBLICATION, DISTRIBUTION, ETC. |
| Place of publication, distribution, etc. |
Berlin ; |
| -- |
New York : |
| Name of publisher, distributor, etc. |
Springer, |
| Date of publication, distribution, etc. |
c2005. |
| 300 ## - PHYSICAL DESCRIPTION |
| Extent |
xi, 238 p. : |
| Other physical details |
ill. ; |
| Dimensions |
24 cm. |
| 440 #0 - SERIES STATEMENT/ADDED ENTRY--TITLE |
| Title |
Lecture notes in computer science ; |
| Volume/sequential designation |
3450. |
| 538 ## - SYSTEM DETAILS NOTE |
| System details note |
Mode of access: Internet. |
| 538 ## - SYSTEM DETAILS NOTE |
| System details note |
Systems requirements: PC; Adobe Acrobat Reader; modem. |
| 650 #0 - SUBJECT ADDED ENTRY--TOPICAL TERM |
| Topical term or geographic name entry element |
Ubiquitous computing |
| 650 #0 - SUBJECT ADDED ENTRY--TOPICAL TERM |
| Topical term or geographic name entry element |
Computer security |
| 700 1# - ADDED ENTRY--PERSONAL NAME |
| Personal name |
Hutter, Dieter. |
| 700 1# - ADDED ENTRY--PERSONAL NAME |
| Personal name |
Ullmann, Markus. |
| 856 41 - ELECTRONIC LOCATION AND ACCESS |
| Uniform Resource Identifier |
<a href="http://libproxy1.nus.edu.sg/login?url=http://springerlink.com/openurl.asp?genre=issue&issn=0302-9743&volume=3450&issue=preprint">http://libproxy1.nus.edu.sg/login?url=http://springerlink.com/openurl.asp?genre=issue&issn=0302-9743&volume=3450&issue=preprint</a> |
| 942 ## - ADDED ENTRY ELEMENTS (KOHA) |
| Koha item type |
Book |
| Call number prefix |
005.8 HUT |
| Source of classification or shelving scheme |
|